Theologia moralis nuncupatur ad mentem DD. Seraphici et subtilis concinnata et in disputationes virgini octo distributa.

Detalles Bibliográficos
Autor principal: MASTRO De MELDULA, Bartolomé
Formato: Libro
Materias:
Colección:Banco de datos
Acervo:Biblioteca del Museo Regional de Querétaro. INAH. Querétaro
Tema general:Teología
Notas:Regular. 2Ll7, 18.
LEADER 00696nam a22001810004500
035 |a 22242 
036 |a 727 
100 1 |a MASTRO De MELDULA, Bartolomé 
245 1 0 |a Theologia moralis nuncupatur ad mentem DD. Seraphici et subtilis concinnata et in disputationes virgini octo distributa. 
500 |a Regular. 2Ll7, 18. 
650 1 0 |a Teología 
949 |a C.R.Q. 
959 |a Ex convento Grande de San Francisco de la ciudad de Querétaro, Museo Regional de Querétaro  |b CCC2 
960 |a Convento Grande de San Francisco de la ciudad de Querétaro  |b DD68 
961 |a Franciscana  |b OF 
942 |c C.R.Q. 
943 |g Biblioteca del Museo Regional de Querétaro. INAH. Querétaro 
999 |c 978558  |d 978558